ბათუმის შოთა რუსთაველის სახელმწიფო უნივერსიტეტის ბიბლიოთეკა

Balkanistic Forum. Бaлканистичен форум 1. Тема на броя Болгария и Грузия:Политики кьм мюсюлманите (ბიბ.ჩანაწერი № 35897)

000 -LEADER
fixed length control field 00866nam a2200205Ia 4500
001 - CONTROL NUMBER
control field 1790
003 - CONTROL NUMBER IDENTIFIER
control field GE_BSU
008 - FIXED-LENGTH DATA ELEMENTS--GENERAL INFORMATION
fixed length control field 181216s||||||||xx |||||||||||||| ||und||
040 ## - CATALOGING SOURCE
Transcribing agency GE_BSU
080 ## - UNIVERSAL DECIMAL CLASSIFICATION NUMBER
Universal Decimal Classification number 32(479.22)+32(479.2)
245 ## - TITLE STATEMENT
Title Balkanistic Forum. Бaлканистичен форум 1. Тема на броя Болгария и Грузия:Политики кьм мюсюлманите
260 ## - PUBLICATION, DISTRIBUTION, ETC.
Place of publication, distribution, etc. Благоевград
260 ## - PUBLICATION, DISTRIBUTION, ETC.
Name of publisher, distributor, etc. Неофит Рилски
260 ## - PUBLICATION, DISTRIBUTION, ETC.
Date of publication, distribution, etc. 2010
300 ## - PHYSICAL DESCRIPTION
Extent 332стр. 23см.
520 ## - SUMMARY, ETC.
Summary, etc. ეზღვნება პროფ. როლანდ კომახოძის ხსოვნას
653 ## - INDEX TERM--UNCONTROLLED
Uncontrolled term Balkanistic Forum. Балканистичен форум 1. Тема на броя Болгария и Грузия:Политики кьм мьюсюлманите
942 ## - ADDED ENTRY ELEMENTS (KOHA)
Koha item type წიგნი
ეგზემპლარები
Withdrawn status Lost status Damaged status Not for loan Date acquired Barcode Date last seen Price effective from Koha item type Public note
        2018-12-17 3729 2018-12-17 2018-12-17 წიგნი დარბაზი